000 00897nam a2200217Ia 4500
001 11103
003 GE_BSU
008 181216s||||||||xx |||||||||||||| ||und||
040 _cGE_BSU
080 _a811.353.1'373
100 _aქუთათელაძე,ლილი
245 _aიოანე ბაგრატიონის "ქართული ლექსიკონი".
245 _cმხატვ.მ.თუშმალიშვილი.
260 _aთბილისი.
260 _bმეცნიერება.
260 _c1975.
300 _a210გვ;22სმ.
300 _eსაძიებლები:ტერმინების,პირთა,გეოგრაფიულ სახელთა გვ.200-209.
653 _aიოანე ბაგრატიონის "ქართული ლექსიკონი".
942 _cBK
999 _c44342
_d44342